000 00518nam a2200157 i 4500
001 30302
003 ES-MaACL
005 20230906154154.0
007 t|
008 030124s1926 sp ||||1| spa d
100 1 _aBassols de Climent, Mariano.
_926336
245 1 0 _aEstudio acerca de los adjetivos y predicados verbales que expresan idea de blancura en los poetas latinos /
_cpor Mariano Bassols de Climent.
260 _aBarcelona :
_bEmporium,
_c1926.
300 _a59 p. ;
_c24 cm.
852 _aES-MaACL
_j1723-F-20
999 _c30302
_d30302